00609nam a2200157 a 450000100100000000500170001000800410002704000250006808200130009310000360010624500790014226000800022130000220030195201110032399900170043400003719720200930080212.0120229s19uu xxu 000 0 spa d aDO-SdBNPbspacBNPHU axxxbE821 aEstrada Cuesta, Leobardo96360810a¿Como te llamas? y otros sermones evangelicos /cLeobardo Estrada Cuesta. aEl Paso, Texas, Estados Unidos :bCasa Bautista de Publicaciones,c[19--?]. a95 p. : ;c19 cm. 001050718MOaGRbGRcCTd2012-02-29iLF1l0oxxx E82p37197-10r2020-06-25w2020-06-25y1ZNo se presta c36687d36687